000 00314nam a22001457a 4500
003 SGT
020 _a9788186514429
082 _a001.4
_bJIN
100 _aJINDAL,SURESH KUMAR
245 _aSAMKALEEN VIGYAN
260 _aNEW DELHI
_bDRDO
_c2013
300 _a284
650 _aRESEARCH METHODOLOGY
942 _2ddc
_cBK
999 _c8204
_d8204